Student study guide for use with chemistry
Quỹ Châu Á
Đã lưu trong:
| 主要作者: | |
|---|---|
| 格式: | 圖書 |
| 語言: | Undetermined |
| 出版: |
Boston
McGraw Hill; Irwin
2005
|
| 主題: | |
| 在線閱讀: | http://lrc.tdmu.edu.vn/opac/search/detail.asp?aID=2&ID=34499 |
| 標簽: |
添加標簽
沒有標簽, 成為第一個標記此記錄!
|
| Thư viện lưu trữ: | Trung tâm Học liệu Trường Đại học Thủ Dầu Một |
|---|
| LEADER | 00894nam a2200205Ia 4500 | ||
|---|---|---|---|
| 001 | TDMU_34499 | ||
| 008 | 210410s9999 xx 000 0 und d | ||
| 082 | |a 650.1 | ||
| 090 | |b CH106 | ||
| 100 | |a Chang, Raymond | ||
| 245 | 0 | |a Student study guide for use with chemistry | |
| 245 | 0 | |c Raymond Chang, Sharon Neal | |
| 260 | |a Boston | ||
| 260 | |b McGraw Hill; Irwin | ||
| 260 | |c 2005 | ||
| 300 | |a 560 p. | ||
| 520 | |a Quỹ Châu Á |c Tặng; 26 chapters: A short primer on learning chemistry; chemistry: the study of change; atoms, molecules&Ions; mass relationships in chemical reactions; reactions in a queous solutions; gases; thermochemistry; quantum theory and the Electronic structure of atoms;... | ||
| 650 | |a Chemistry; Hóa học | ||
| 856 | |u http://lrc.tdmu.edu.vn/opac/search/detail.asp?aID=2&ID=34499 | ||
| 980 | |a Trung tâm Học liệu Trường Đại học Thủ Dầu Một | ||